000 00625nam a2200205Ii 4500
003 JO-AjNU
008 230605s9999||||xx |||||||||||||| ||und||
040 _aJO-AjNU
_bara
_erda
_cJO-AjNU
041 _aara
050 1 4 _aPJ7862 2003
100 3 _aتأليف جبري، شفيق,
_eauthor
_939897
245 0 0 _aأناتول فرانس
250 _aط2
264 3 1 _aدمشق:دار قتيبة،2003
300 _a80ص
336 _atext
_btxt
_2rdacontent
337 _aunmediated
_bn
_2rdamedia
338 _avolume
_bnc
_2rdacarrier
650 4 _aالأدب العربي - ترجمة - تراجم - روايات
_939898
999 _aA16888
_c20456
_d20456